| 000 | 00794nam a22002417 4500 | ||
|---|---|---|---|
| 999 |
_c972 _d972 |
||
| 003 | AR-BaISA | ||
| 005 | 20230823143258.0 | ||
| 007 | ta | ||
| 008 | 220607s1963 ag ad||| |||| 000 0 spa d | ||
| 040 |
_bspa _cAR-BaISA |
||
| 082 | 0 | 4 |
_222 _a155.28 P855 |
| 100 | 1 |
_92295 _aPichot, Pierre |
|
| 245 | 1 | 3 |
_aLos test mentales / _cPierre Pichot; presentación, supervisión y apéndices por Jaime Bernstein |
| 260 |
_aBuenos Aires: _bPaidós, _c1963 |
||
| 300 |
_a195 p.: _bil., gráfs., tablas |
||
| 490 | 1 | _aBiblioteca del hombre contemporáneo | |
| 504 | _aBibliografía p.: 150-194 | ||
| 650 | 1 | 4 |
_92297 _aPruebas de inteligencia |
| 650 | 1 | 4 |
_92298 _aPruebas de personalidad |
| 650 | 1 | 4 |
_92299 _aPruebas de aptitudes |
| 830 |
_92296 _aBiblioteca del hombre contemporáneo |
||
| 942 |
_2ddc _cLI _e22 |
||